| 000 | 00523nam a2200169 a 4500 | ||
|---|---|---|---|
| 001 | 000028788 | ||
| 005 | 20200930055134.0 | ||
| 008 | 110412s2004 dr 000 0 spa d | ||
| 040 |
_aDO-SdBNP _bspa _cBNPHU |
||
| 082 |
_axxx _bR426r |
||
| 110 | 1 |
_aRepública Dominicana _9447 |
|
| 240 | 1 | 0 | _a[Leyes, etc.] |
| 245 | 1 | 0 | _aResoluciones turísticas para tiendas de regalos (GIFT SHOP). |
| 260 |
_aSanto Domingo : _bSecretaría de Estado de Turismo, _c2004. |
||
| 300 |
_a28 p. ; _c22 cm. |
||
| 730 | 1 |
_aReglamento No. 2123 _955770 |
|
| 999 |
_c28280 _d28280 |
||